| 000 | 00657cam a22002173a 4500 | ||
|---|---|---|---|
| 001 | 42868 | ||
| 003 | PGUSA | ||
| 005 | 20140828083955.0 | ||
| 008 | 130604s2013||||xxu|||||s|||||000 | eng d | ||
| 040 |
_aPGUSA _beng |
||
| 042 | _adc | ||
| 100 | 1 | _aWeaver, Louise Bennett | |
| 245 | 1 | 2 |
_aA Thousand Ways to Please a Husband : _bWith Bettina's Best Recipes _h[electronic resource] / _cLouise Bennett Weaver |
| 260 |
_bProject Gutenberg, _c2013 |
||
| 506 | _aPublic domain in the USA. | ||
| 516 | _aElectronic text | ||
| 700 | 1 | _aColbourne, Elizabeth | |
| 830 | 0 |
_aProject Gutenberg _v42868 |
|
| 856 | 4 | 0 | _uhttp://www.gutenberg.org/ebooks/42868 |
| 942 | _cEB | ||
| 999 |
_c272120 _d272120 |
||